000
00437nam a2200181Ia 4500
008
100917s9999 xx 000 0 und d
082
_b
17206
100
_a
ठकार ना. रा.
245
_a
बीज गणित
260
_b
---
_c
1856
300
_a
269
365
_b
0
520
_a
गणित
630
_a
बीज गणित
650
_a
गणित
730
_a
बीज गणित
942
_c
BOOK
999
_c
622600
_d
622597